| 000 | 00897nam a22002055i 4500 | ||
|---|---|---|---|
| 001 | 164971 | ||
| 003 | ES-MaACL | ||
| 005 | 20251203063033.0 | ||
| 008 | 040909s1864 sp a |||| | spa d | ||
| 040 |
_aCAM _bspa _cCAM |
||
| 100 | 1 |
_aSchreber, Daniel Gottlieb Moritz, _d1808-1861 _9242564 |
|
| 245 | 1 | 0 | _a[Manual popular de gimnasia de sala médica é higíenica]. |
| 260 |
_aMadrid : _b[s.n.], _c1864 ( _fImp. de Bailly-Bailliere) |
||
| 300 |
_a166 p. : _bil. ; _c18 cm. |
||
| 594 | _aTit. tomado de la antep. y autor tomado de otras ediciones. | ||
| 596 | _aPie de imp. tomado de verso de la antep. | ||
| 650 | 4 |
_aGimnasia médica. _9152898 |
|
| 852 |
_aES-MaACL _jR-3130 _xOlim:D-3205 _z-- Enc. hol. _z-- Legado M. de la Fuente _q-- Falto de la port. _z-- Enc. con esta obra 10 p. de Catálago de la Librería de C. Bailly-Bailliere |
||
| 999 |
_c164971 _d164971 |
||